Einführung in die Kybernetik für Ökonomen /

Saved in:
Bibliographic Details
Main Author: Känel, S.V (Author)
Format: Book
Language:German
Published: Berlin : Verlag die Wirtschaft, 1971
Subjects:
Tags: Add Tag
No Tags, Be the first to tag this record!

MARC

LEADER 00000nam a22000003a 4500
001 stu37545
005 20150617225727.7
008 920714s1971----gw------------------ger-d
040 |a STU  |b slo 
041 0 |a ger 
044 |a gw 
080 |a 330.1  |7 stu_us_auth*stu8076 
100 1 |a Känel, S.V  |4 aut 
245 1 |a Einführung in die Kybernetik für Ökonomen /  |c [aut.]S.V. Känel 
260 |a Berlin :  |b Verlag die Wirtschaft,  |c 1971 
300 |a 360 s 
650 7 |a Kybernetika ekonomická  |2 stusub 
996 |b 284M012683  |c M*5484-1  |l MMKN  |s A  |a 24  |w stu37545_0001